EA FC25 Shapeshifters - Statistics

General Stats
  • This quiz has been taken 11 times
  • The average score is 15 of 50
Answer Stats
Rate Club Nation Gender Answer % Correct
98 Atletico Madrid France Male Antoine Griezmann
100%
98 Bayern England Male Harry Kane
89%
98 Liverpool France Male Ibrahima Konate
89%
97 LA Galaxy Germany Male Marco Reus
89%
97 Bayern France Male Michael Olise
89%
97 Aston Villa England Male Marcus Rashford
78%
97 Arsenal Norway Male Martin Odegaard
78%
97 Milan Portugal Male Rafael Leao
78%
97 Napoli Belgium Male Romelu Lukaku
67%
96 Milan England Male Ruben Loftus-Cheek
56%
96 Valencia Georgia Male Giorgi Mamardashvili
44%
96 Bayern Germany Female Klara Buhl
44%
96 Barcelona Poland Male Robert Lewandowski
44%
96 Atletico Madrid England Male Conor Gallagher
33%
96 Real Madrid Brazil Male Endrick
33%
96 Bayern England Male Eric Dier
33%
94 Leverkusen France Male Nordi Mukiele
33%
96 Arsenal Italy Male Riccardo Calafiori
33%
96 Newcastle Italy Male Sandro Tonali
33%
96 Man City Brazil Male Savinho
33%
95 Milan England Male Fikayo Tomori
22%
95 Inter Italy Male Francesco Acerbi
22%
95 Leverkusen Switzerland Male Granit Xhaka
22%
96 Dortmund Switzerland Male Gregor Kobel
22%
96 Atletico Madrid Slovenia Male Jan Oblak
22%
96 Lyon France Female Kadidiatou Diani
22%
94 Leverkusen Germany Female Kristin Kogel
22%
95 Dortmund Germany Male Nico Schlotterbeck
22%
95 Dortmund Brazil Male Yan Couto
22%
96 Lyon England Male Ainsley Maitland-Niles
11%
95 Udinese Chile Male Alexis Sanchez
11%
95 Juventus Switzerland Female Alisha Lehmann
11%
94 Besiktas Italy Male Ciro Immobile
11%
95 Man City England Male Jack Grealish
11%
96 Chicago RS USA Female Mallory Swanson
11%
96 Milan France Male Mike Maignan
11%
95 Chelsea USA Female Naomi Girma
11%
95 Atletico Madrid Spain Male Robin Le Normand
11%
95 Atletico Madrid Brazil Male Samuel Lino
11%
94 Chelsea Denmark Female Sara Holmgaard
11%
94 Freiburg Italy Male Vincenzo Grifo
11%
94 Roma Italy Male Andrea Belotti
0%
95 Juventus Brazil Male Douglas Luiz
0%
94 Al Shabab Italy Male Giacomo Bonaventura
0%
94 Coventry City USA Male Haji Wright
0%
95 Arsenal Italy Male Jorginho
0%
95 Barcelona Spain Female Mapi Leon
0%
95 Real Sociedad Spain Male Martin Zubimendi
0%
95 Lazio Spain Male Pedro
0%
94 Roma Italy Male Stephan El Shaarawy
0%
No matching quizzes found
Score Distribution
Percent of People with Each Score
Percentile by Number Answered
Your Score History
You have not taken this quiz